Normal view MARC view
  • González-Torres, María Carmen

Entry Nombre Personal

Number of records used in: 1

001 - NUMERO DE CONTROL

  • campo de control: 44954

003 - IDENTIFICADOR DE NUMERO DE CONTROL

  • campo de control: UPN

005 - FECHA Y HORA DE LA ÜLTIMA TRANSACCIÓN

  • campo de control: 20220620075852.0

008 - DATOS DE LONGITUD FIJA

  • campo de control de longitud fija: 220620|| acnnnaabn | a|a d

024 70 - OTROS IDENTIFICADORES NORMALIZADOS

  • Fuente: orcid
  • Número normalizado o código: 0000-0003-2253-4321

040 ## - FUENTE DE CATALOGACIÓN

  • Agencia original de catalogación: MX-MxUPN

100 1# - ENCABEZAMIENTO - NOMBRE PERSONAL

  • Nombre personal: González-Torres, María Carmen

370 ## - LUGAR ASOCIADO

  • Associated country: España

371 ## - DIRECCIÓN

  • Electronic mail address: mgonzalez@unav.es

372 ## - CAMPO DE ACTIVIDAD

  • Field of activity: Psicología de la educación
  • Field of activity: Docencia

373 ## - GRUPO ASOCIADO

  • Associated group: Universidad de Navarra

374 ## - OCUPACIÓN

  • Occupation: Profesora universitaria
  • Occupation: Psicóloga

375 ## - GÉNERO

  • Gender: femenino

377 ## - LENGUA ASOCIADA

  • Language code: spa

400 1# - VEÁSE - NOMBRE DE PERSONA

  • Personal name: González-Torres, M.C.

400 1# - VEÁSE - NOMBRE DE PERSONA

  • Personal name: González, M.C.

400 1# - VEÁSE - NOMBRE DE PERSONA

  • Personal name: Maria del Carmen González-Torres

670 ## - FUENTE EN LA QUE SE LOCALIZARON DATOS

  • Cita de la fuente: En recurso en línea Dedica. Revista de educacao e humanidades, No. 18 (2021):
  • Información localizada: página (María Carmen González-Torres)
  • Uniform Resource Identifier: https://revistaseug.ugr.es/index.php/dedica/article/view/17993/20420

670 ## - FUENTE EN LA QUE SE LOCALIZARON DATOS

  • Cita de la fuente: En el sitio web Linkedin, consultado Junio 20, 2022:
  • Información localizada: Profesora Titular Psicología de la Educación en Universidad de Navarra
  • Uniform Resource Identifier: https://es.linkedin.com/in/maria-carmen-gonz%C3%A1lez-torres-6933334b

902 ## - CATALOGADOR

  • Catalogador: RGJD/100622